| 000 | 00457 a2200145 4500 | ||
|---|---|---|---|
| 005 | 20250501073547.0 | ||
| 020 | _a978 1 84542 647 7 | ||
| 082 | _a658.152 ENT | ||
| 245 | _aEntrepreneurship and the Financial Community: Starting Up and Growing New Business. | ||
| 250 | _a5th Ed. | ||
| 260 |
_aCheltenham, _bEdward Elgal publishing Limited, _c2007. |
||
| 300 |
_axvi, 200p.: Ill.;figures & table _bIndex _c23cm. |
||
| 700 | _a CLARYSSE, B. | ||
| 942 |
_2ddc _cBKS |
||
| 999 |
_c1863 _d1863 |
||